Partie Korwina - Statystyki

Ogólne statystyki
  • Ten quiz został rozwiązany 137 razy
  • Średni wynik to 7 z 13
Statystyki odpowiedzi
Lata funkcjonowania Nazwa Partii % Poprawnych
2015-2016 Koalicja Odnowy Rzeczypospolitej Wolność i Nadzieja
97%
2018-2022 Konfederacja Odnowy Rzeczypospolitej Wolność i Nadzieja
97%
2024- KORWiN
97%
1990- Unia Polityki Realnej
69%
2022- Nowa Nadzieja
64%
1997-1997 Unia Prawicy Rzeczypospolitej
58%
2011- Kongres Nowej Prawicy
55%
2016-2018 Wolność
37%
2007-2007(Koalicja) Liga Prawicy Rzeczypospolitej
31%
2018- Konfederacja Wolność i Niepodległość
27%
2005-2009 Platforma Janusza Korwin-Mikke
15%
2009-2011 Wolność i Praworządność
14%
2011-2011 Unia Polityki Realnej-Wolnośc i Praworządność
2%
Nie znaleziono quizów pasujących do podanych kryteriów
Rozkład punktacji
Procent ludzi z każdym wynikiem
Percentyl według liczby udzielonych odpowiedzi
Twoja historia wyników
Nie rozwiązałeś tego quizu